Statistics for Percy Jackson character trivia

Click here to take the quiz!

General Stats

  • This quiz has been taken 187 times
  • The average score is 7 of 12

Answer Stats

Hint Answer % Correct
What element can Percy control?Water
99%
What is Annabeth's biggest fear?Spiders
94%
Who is Chiron's father?Kronos
84%
What does Rachel hit Kronos in the eye with in The Battle Of The Labyrinth?a blue plastic hair brush
72%
What is Thalia's biggest fear?heights
70%
What does Annabeth want to be?Architect
69%
Who does Nico convince to help fight the Titans in The Last Olympian?Hades
65%
Where does Percy first meet Rachel?Hoover Dam
52%
What monster almost kills Percy at the end of The Lightning Thief?Scorpion
38%
What is the name of Thalia's shield?Aegis
33%
What power does Pan pass onto Grover?Panic
29%
Where was Luke born?Connecticut
15%

Score Distribution

Percentile by Number Answered

Percent of People with Each Score

Your Score History

You have not taken this quiz